00748nam a2200205Ia 4500003000900000008004100009040001600050080001800066245011500084260003500199300001400234650004100248650002400289650003400313650002800347700002300375942000700398999001500405952012200420IN-BaIIA211028s9999 xx 000 0 eng d cIIA Library a536.48bPRO-5 0aProgress in low temperature physicsbvol. Vcedited by C. J. Gorter  aAmsterdambNorth-Hollandc1967 axi, 332p. aAstronomy and astrophysics thesaurus aCryochemistry92675 aLow temperature physics92486 aSuperconductivity91933 aGorter, C. J., ed. cBK c2986d2986 00104070aBANbBANcGENd1967-11-21g105.00l0o536.48/ PRO-5p3317r2021-11-05v105.00w1967-11-21yBKGRs. 105.00